Schnelles Mathe-Quiz, nur ein kurzes Quiz 4 - Statistiken

Allgemein
  • Dieses Quiz wurde 76 mal gespielt
    49 seit der letzten Aktualisierung
  • Das Durchschnittsergebnis liegt bei 18 aus 20
Antwortstatistiken
Hint Antwort % Korrekt
19 : 19 = 1
100%
111 + 99 = 210
98%
112 : 4 = 28
98%
14 + 14 = 28
98%
111 - 99 = 12
95%
16 + 16 = 32
95%
112 - 4 = 108
93%
112 + 4 = 116
93%
127 + 57 = 184
91%
320 : 8 = 40
91%
112 x 4 = 448
91%
170 : 2 = 85
91%
19 x 6 = 114
89%
52 x 4 = 208
89%
75 x 3 = 225
89%
86 x 3 = 258
89%
258 + 43 = 301
89%
225 - 98 = 127
86%
184 : 4 = 46
82%
450 : 6 = 75
77%
Keine übereinstimmenden Quizze gefunden
Verteilung der Resultate
Anzahl Personen mit jedem Resultat
Perzentil nach korrekt beantworteten Fragen
Ihre Resultats-Entwicklung
Sie haben dieses Quiz seit der letzten Aktualisierung nicht gespielt